|
|
|
|
| LEADER |
00981nam a2200277 4500 |
| 001 |
c000139905 |
| 003 |
CARM |
| 005 |
00000000000000.0 |
| 008 |
731221s1974 nyua b 00110 eng b |
| 019 |
1 |
|
|a 516100
|5 LACONCORD2021
|
| 020 |
|
|
|a 0808908278
|
| 035 |
|
|
|a (OCoLC)797007
|5 LACONCORD2021
|
| 050 |
0 |
0 |
|a RJ51.R3
|b G9
|
| 060 |
|
|
|a WG500 G996a 1974
|
| 100 |
1 |
|
|a Gyepes, Michael T.
|
| 245 |
1 |
0 |
|a Angiography in infants and children,
|c edited by Michael T. Gyepes.
|
| 260 |
|
|
|a New York,
|b Grune & Stratton
|c [1974]
|
| 300 |
|
|
|a xiv, 378 p.
|b illus.
|c 26 cm.
|
| 504 |
|
|
|a Includes bibliographies.
|
| 650 |
|
0 |
|a Pediatric radiology.
|
| 650 |
|
0 |
|a Angiography.
|
| 650 |
|
2 |
|a Angiography
|x In infancy & childhood.
|
| 852 |
8 |
|
|b CARM
|h A2:AD22F0
|i C00087
|p 0004334
|f BK
|
| 082 |
0 |
4 |
|a 618.9/21/07572
|
| 999 |
f |
f |
|i dbeb8846-09d3-5cd7-a553-28ab1c78a296
|s 47b5e1d2-6b9b-5c53-9924-5420682d4d4c
|
| 952 |
f |
f |
|p Can circulate
|a CAVAL
|b CAVAL
|c CAVAL
|d CARM 1 Store
|e C00087
|f A2:AD22F0
|h Other scheme
|i book
|m 0004334
|